[Event "Mitropa Cup"]
[Site "Trencin"]
[Date "2025.05.14"]
[Round "1.4"]
[White "Balint, Peter"]
[Black "Gnojek, Petr"]
[Result "1/2-1/2"]
[WhiteElo "2342"]
[BlackElo "2414"]
[PlyCount "247"]
[EventDate "2025.05.14"]
[EventType "team-tourn"]
[EventRounds "9"]
[EventCountry "SVK"]
[SourceTitle "CB22_2025"]
[SourceDate "2025.05.28"]
[SourceVersion "1"]
[SourceVersionDate "2025.05.28"]
[SourceQuality "1"]
[WhiteTeam "Austria"]
[BlackTeam "Czech Republic"]
[WhiteTeamCountry "AUT"]
[BlackTeamCountry "CZE"]

1. e4 c6 2. Nf3 d5 3. exd5 cxd5 4. d4 Nc6 5. c3 Qc7 6. g3 Bg4 7. Bf4 Qb6 8. b4 Nf6 9. h3 Bxf3 10. Qxf3 g6 11. Nd2 Bg7 12. Bd3 0-0 13. 0-0 Nh5 14. b5 Nxf4 15. gxf4 Na5 16. Qxd5 Qc7 17. Rac1 Qxf4 18. Nb3 Rad8 19. Qe4 Qg5+ 20. Qg4 Qxg4+ 21. hxg4 Nxb3 22. axb3 e5 23. Ra1 exd4 24. c4 a6 25. bxa6 bxa6 26. b4 Ra8 27. c5 Rfb8 28. Rfb1 Bf8 29. Ra5 Ra7 30. Kg2 Rab7 31. Bxa6 Rxb4 32. Rxb4 Rxb4 33. c6 Bd6 34. Rd5 Bf4 35. Rd7 Ra4 36. Bf1 Kg7 37. c7 Bxc7 38. Rxc7 d3 39. Kf3 Rd4 40. Rc1 Kf6 41. Rd1 d2 42. Be2 Ke5 43. g5 f6 44. gxf6 Kxf6 45. Ke3 Rd7 46. Bd3 Re7+ 47. Kf3 Rd7 48. Rxd2 Rd8 49. Ke3 Rd7 50. Ra2 Kg7 51. Ra6 Rb7 52. Be4 Rb3+ 53. Kd4 Rb2 54. f4 Rf2 55. Ke5 Rf1 56. Ra7+ Kh6 57. Bd5 Re1+ 58. Kd4 Rf1 59. Ke4 Re1+ 60. Kf3 Re8 61. Bf7 Rf8 62. Ke4 Kg7 63. Bd5+ Kh6 64. Be6 Rb8 65. Ke5 Rf8 66. Rb7 Ra8 67. Bf7 Rd8 68. Bd5 Rf8 69. Rf7 Rb8 70. Rc7 Rf8 71. Be6 Rb8 72. Ra7 Rb5+ 73. Bd5 Rb8 74. Rb7 Rf8 75. Bf7 Ra8 76. Be6 Rf8 77. Rb1 Kg7 78. Rb7+ Kh6 79. f5 Kg5 80. Rg7 Rf6 81. Rxh7 gxf5 82. Rh1 Rg6 83. Bxf5 Rg7 84. Ra1 Re7+ 85. Be6 Rg7 86. Ra4 Rg6 87. Re4 Rg7 88. Rf4 Kg6 89. Rf5 Ra7 90. Rf8 Rg7 91. Kf4 Ra7 92. Bf5+ Kg7 93. Re8 Kf6 94. Re6+ Kf7 95. Kg5 Rc7 96. Rh6 Ke7 97. Re6+ Kf7 98. Re5 Re7 99. Bg6+ Kf8 100. Rf5+ Kg7 101. Rf6 Re5+ 102. Bf5 Re7 103. Be6 Rc7 104. Rg6+ Kf8 105. Kf6 Rf7+ 106. Ke5 Rg7 107. Rh6 Ke7 108. Rh5 Kf8 109. Kd6 Rg1 110. Rh7 Rg6 111. Ra7 Rg1 112. Ra8+ Kg7 113. Ke7 Rg5 114. Rf8 Kg6 115. Rf6+ Kh5 116. Kf7 Kh4 117. Rf3 Rg3 118. Rf4+ Kg5 119. Rf6 Re3 120. Rg6+ Kf4 121. Kf6 Rg3 122. Rh6 Ke4 123. Rh4+ Ke3 124. Rh2 1/2-1/2

[Event "Wch U14 rapid"]
[Site "Terme Catez"]
[Date "2024.12.16"]
[Round "11"]
[White "Dau, Khuong Duy"]
[Black "Balint, Peter"]
[Result "1-0"]
[WhiteElo "2306"]
[BlackElo "2277"]
[PlyCount "87"]
[EventDate "2024.12.14"]
[EventType "swiss (rapid)"]
[EventRounds "11"]
[EventCountry "SLO"]
[SourceTitle "CB51_2024"]
[SourceDate "2024.12.18"]
[SourceVersion "1"]
[SourceVersionDate "2024.12.18"]
[SourceQuality "1"]

1. e4 c5 2. Nf3 d6 3. c3 Nf6 4. Be2 g6 5. 0-0 Bg7 6. Bb5+ Nbd7 7. Re1 0-0 8. d4 a6 9. Bd3 cxd4 10. cxd4 e5 11. Nc3 b5 12. a3 exd4 13. Nxd4 Bb7 14. Bg5 h6 15. Bf4 Ne5 16. Qd2 Nh5 17. Be3 Ng4 18. Bc2 Qf6 19. Rad1 Rfe8 20. Nb3 Qh4 21. h3 Nxe3 22. Qxe3 Be5 23. Nd4 Qf6 24. Nf3 Nf4 25. Nxe5 dxe5 26. Bb3 Rad8 27. Kh2 Rd4 28. g3 Ne6 29. Bd5 Re7 30. Bxb7 Rxb7 31. Nd5 Qg5 32. f4 exf4 33. gxf4 Qh4 34. Rxd4 Nxd4 35. Rc1 Ne6 36. Rc8+ Kh7 37. e5 Kg7 38. Nf6 Nf8 39. Qd2 Rd7 40. Nxd7 Nxd7 41. e6 Nf8 42. Qd4+ Kg8 43. exf7+ Kxf7 44. Rc7+ 1-0

[Event "Wch U14 rapid"]
[Site "Terme Catez"]
[Date "2024.12.15"]
[Round "9"]
[White "Balint, Peter"]
[Black "Tudor, Henry Edward"]
[Result "1-0"]
[WhiteElo "2277"]
[BlackElo "2228"]
[PlyCount "109"]
[EventDate "2024.12.14"]
[EventType "swiss (rapid)"]
[EventRounds "11"]
[EventCountry "SLO"]
[SourceTitle "CB51_2024"]
[SourceDate "2024.12.18"]
[SourceVersion "1"]
[SourceVersionDate "2024.12.18"]
[SourceQuality "1"]

1. Nf3 Nf6 2. g3 c5 3. Bg2 Nc6 4. c4 d5 5. cxd5 Nxd5 6. Nc3 Nc7 7. a3 g6 8. 0-0 Bg7 9. d3 0-0 10. Qa4 Nd4 11. Nxd4 cxd4 12. Ne4 Bd7 13. Qb3 Bc6 14. Bd2 Bd5 15. Qc2 Rc8 16. Rac1 f5 17. Ng5 h6 18. Nf3 e5 19. Qa4 a6 20. Ba5 Bc6 21. Rxc6 bxc6 22. Qxc6 Qe8 23. Qc2 Ne6 24. Qb3 Kh7 25. Nd2 Nc5 26. Qa2 e4 27. Bb4 exd3 28. exd3 Rf6 29. Bxc5 Rxc5 30. Nc4 Qe2 31. Qb1 Re6 32. b4 Rxc4 33. dxc4 d3 34. Qd1 Bb2 35. a4 Qc2 36. c5 Ba3 37. Qf3 Re7 38. h4 h5 39. c6 Bxb4 40. Qd5 d2 41. Bf3 a5 42. Kg2 Qc3 43. Rd1 Kg7 44. Qd8 f4 45. gxf4 Rf7 46. Kg3 Be7 47. c7 Qf6 48. Qxd2 Qxh4+ 49. Kg2 Rf8 50. Qc3+ Kh6 51. c8Q Rxc8 52. Qxc8 Qxf4 53. Qh8+ Kg5 54. Rd5+ Kh4 55. Rd4 1-0

[Event "Wch U14 rapid"]
[Site "Terme Catez"]
[Date "2024.12.14"]
[Round "4"]
[White "Negrean, Andrei"]
[Black "Balint, Peter"]
[Result "1/2-1/2"]
[WhiteElo "2130"]
[BlackElo "2277"]
[PlyCount "79"]
[EventDate "2024.12.14"]
[EventType "swiss (rapid)"]
[EventRounds "11"]
[EventCountry "SLO"]
[SourceTitle "CB51_2024"]
[SourceDate "2024.12.18"]
[SourceVersion "1"]
[SourceVersionDate "2024.12.18"]
[SourceQuality "1"]

1. d4 Nf6 2. Nf3 g6 3. g3 Bg7 4. Bg2 0-0 5. 0-0 d5 6. c4 c6 7. b3 a5 8. Nc3 Ne4 9. Bb2 a4 10. Nxa4 dxc4 11. Ne5 cxb3 12. axb3 Nd6 13. Nc5 Rxa1 14. Qxa1 Qb6 15. Rc1 Be6 16. Qa2 Kh8 17. e3 Bf5 18. h3 f6 19. Nc4 Qc7 20. e4 Bc8 21. b4 b6 22. Nxd6 Qxd6 23. Nd3 Ba6 24. Nf4 Qxb4 25. Ne6 Rc8 26. Ba3 Qa4 27. Qb2 Qb5 28. Qa1 c5 29. dxc5 bxc5 30. Bxc5 Qd7 31. Nxg7 Kxg7 32. Be3 Rxc1+ 33. Qxc1 Bb7 34. Kh2 Nc6 35. Bh6+ Kf7 36. Qc4+ Qe6 37. Qb5 Nd8 38. Qd3 Qd6 39. Qxd6 exd6 40. Bf4 1/2-1/2

[Event "AUT-chT 2324"]
[Site "Austria"]
[Date "2024.03.23"]
[Round "10.5"]
[White "Genser, Harald"]
[Black "Balint, Peter"]
[Result "1-0"]
[WhiteElo "2263"]
[BlackElo "2345"]
[PlyCount "51"]
[EventDate "2023.11.22"]
[EventType "team-tourn"]
[EventRounds "11"]
[EventCountry "AUT"]
[SourceTitle "CBM 219 Extra"]
[Source "ChessBase"]
[SourceDate "2024.05.31"]
[SourceVersion "1"]
[SourceVersionDate "2024.05.31"]
[SourceQuality "1"]
[WhiteTeam "Maria Saal"]
[BlackTeam "Ottakring"]
[WhiteTeamCountry "AUT"]
[BlackTeamCountry "AUT"]

1. d4 Nf6 2. Bf4 g6 3. Nc3 d5 4. e3 Bg7 5. h4 h5 6. Nf3 0-0 7. Qd2 c5 8. dxc5 Nbd7 9. 0-0-0 Nxc5 10. Ng5 Qb6 11. f3 Bf5 12. Be5 Rac8 13. Qd4 Rfd8 14. Be2 Ne8 15. Bxg7 Nxg7 16. g4 e5 17. Qxe5 Bxc2 18. Rxd5 f6 19. Rxd8+ Rxd8 20. Bc4+ Kh8 21. Nf7+ Kh7 22. Qf4 g5 23. hxg5 Nce6 24. Bxe6 Nxe6 25. Rxh5+ Kg8 26. Rh8+ 1-0

[Event "Level op 7th"]
[Site "Level"]
[Date "2019.05.11"]
[Round "5"]
[White "Gaal, Alexander"]
[Black "Balint, Peter"]
[Result "1-0"]
[WhiteElo "1912"]
[BlackElo "1577"]
[PlyCount "67"]
[EventDate "2019.05.10"]
[EventType "swiss"]
[EventRounds "7"]
[EventCountry "HUN"]
[SourceTitle "EXT 2021"]
[Source "ChessBase"]
[SourceDate "2020.10.23"]
[SourceVersion "1"]
[SourceVersionDate "2020.10.23"]
[SourceQuality "1"]

1. d4 d5 2. Bf4 Nf6 3. e3 e6 4. Nf3 Nbd7 5. Nbd2 c5 6. c3 b6 7. Bd3 Be7 8. h4 c4 9. Bc2 a5 10. Ne5 Bb7 11. Qf3 b5 12. Ke2 b4 13. g4 Nxe5 14. Bxe5 Bf8 15. g5 Nd7 16. Ba4 Ke7 17. Bg3 Nb6 18. Bc2 Ke8 19. Qf4 Bc6 20. Nf3 Ba4 21. Kd2 bxc3+ 22. bxc3 Bxc2 23. Kxc2 Nd7 24. Rhb1 Qc8 25. Rb5 Qc6 26. Rab1 Bb4 27. a4 Bf8 28. Kd2 g6 29. Ne5 Nxe5 30. Qxe5 Rg8 31. Rb8+ Rxb8 32. Qxb8+ Ke7 33. Rb7+ Qd7 34. Bd6# 1-0

[Event "Level op 7th"]
[Site "Level"]
[Date "2019.05.10"]
[Round "1"]
[White "Balint, Peter"]
[Black "Frank, Jozsef"]
[Result "1-0"]
[WhiteElo "1577"]
[BlackElo "1917"]
[PlyCount "45"]
[EventDate "2019.05.10"]
[EventType "swiss"]
[EventRounds "7"]
[EventCountry "HUN"]
[SourceTitle "EXT 2021"]
[Source "ChessBase"]
[SourceDate "2020.10.23"]
[SourceVersion "1"]
[SourceVersionDate "2020.10.23"]
[SourceQuality "1"]

1. e4 e6 2. d4 d5 3. exd5 exd5 4. Nf3 Nf6 5. Bd3 Bd6 6. 0-0 0-0 7. Bg5 Bg4 8. h3 Bh5 9. g4 Bg6 10. Nh4 Nbd7 11. f4 Bxd3 12. Qxd3 c5 13. Nf5 Qc7 14. Nc3 cxd4 15. Nb5 Qb6 16. Nbxd6 Qxb2 17. Rfb1 Qc3 18. Qxc3 dxc3 19. Bxf6 Nxf6 20. Rxb7 a5 21. Rc7 Ra6 22. Ne7+ Kh8 23. Nxf7+ 1-0

[Event "Gyor Amateur op 11th"]
[Site "Gyor"]
[Date "2018.01.07"]
[Round "6"]
[White "Halmai, Florian"]
[Black "Balint, Peter"]
[Result "0-1"]
[WhiteElo "1452"]
[BlackElo "1175"]
[PlyCount "88"]
[EventDate "2018.01.06"]
[EventType "swiss"]
[EventRounds "6"]
[EventCountry "HUN"]
[SourceTitle "EXT 2019"]
[Source "ChessBase"]
[SourceDate "2018.10.10"]
[SourceVersion "1"]
[SourceVersionDate "2018.10.10"]
[SourceQuality "1"]

1. d4 d5 2. Bf4 Bf5 3. e3 a6 4. Bd3 Bxd3 5. Qxd3 Nc6 6. a3 Nf6 7. h3 e6 8. Nf3 Bd6 9. Nc3 Bxf4 10. exf4 Qd6 11. Ne5 Nd7 12. 0-0 f6 13. Nxd7 Qxd7 14. Rae1 0-0 15. Qe3 Rfe8 16. Re2 Re7 17. Rfe1 Rae8 18. Na4 b6 19. b3 Qd6 20. b4 a5 21. bxa5 Nxa5 22. Ra1 Nc4 23. Qf3 Ra8 24. Nc3 Rxa3 25. Rb1 c6 26. Rb3 Rxb3 27. cxb3 Na5 28. Na4 Qb4 29. Qc3 Qxc3 30. Nxc3 Nxb3 31. Rb2 Nxd4 32. Rxb6 Kf7 33. f3 Ra7 34. Kf2 Ra3 35. Ke3 Nb5 36. Kd2 Rxc3 37. Rxb5 cxb5 38. Kxc3 Kg6 39. g4 f5 40. Kb4 d4 41. Kb3 h6 42. h4 fxg4 43. fxg4 h5 44. g5 Kf5 0-1

[Event "Gyor Cohtec U15 op 2nd"]
[Site "Gyor"]
[Date "2017.05.20"]
[Round "4"]
[White "Nusser, Gergo"]
[Black "Balint, Peter"]
[Result "1-0"]
[WhiteElo "1121"]
[BlackElo "1308"]
[PlyCount "119"]
[EventDate "2017.05.19"]
[EventType "swiss"]
[EventRounds "9"]
[EventCountry "HUN"]
[SourceTitle "EXT 2018"]
[Source "ChessBase"]
[SourceDate "2017.10.13"]
[SourceVersion "1"]
[SourceVersionDate "2017.10.13"]
[SourceQuality "1"]

1. e4 e5 2. Nf3 Nc6 3. Bc4 Nf6 4. Ng5 d5 5. exd5 Na5 6. Bb5+ c6 7. dxc6 Nxc6 8. 0-0 h6 9. Nf3 Bg4 10. Re1 e4 11. d3 Be7 12. dxe4 Qxd1 13. Rxd1 Nxe4 14. Be2 Nb4 15. Nc3 Nxc3 16. bxc3 Nxc2 17. Rb1 b6 18. Rd2 Bf5 19. Nd4 Nxd4 20. Bb5+ Nxb5 21. Rxb5 Bd7 22. Re5 f6 23. Ree2 Rd8 24. Ba3 Kf7 25. Rxe7+ Kg6 26. Rdxd7 Rhe8 27. Rxd8 Rxd8 28. h3 Rd1+ 29. Kh2 Ra1 30. Re2 Kf5 31. Bf8 g5 32. Bxh6 Rd1 33. Bf8 Rd3 34. c4 Rc3 35. Re7 Rxc4 36. Rxa7 Rc2 37. Kg3 Rc3+ 38. f3 Rc2 39. Be7 Re2 40. Rb7 Kg6 41. Bc5 Rxa2 42. Rxb6 Ra7 43. Rxf6+ Kxf6 44. Bxa7 Kg6 45. Kg4 Kh6 46. Be3 Kg6 47. Bxg5 Kg7 48. Kf5 Kf7 49. f4 Kg7 50. Ke6 Kf8 51. Kf6 Kg8 52. Ke7 Kg7 53. f5 Kg8 54. f6 Kh7 55. f7 Kg7 56. f8Q+ Kg6 57. Qf6+ Kh7 58. Qh6+ Kg8 59. Qg6+ Kh8 60. Bf6# 1-0